| 000 | 00767cam a22002411 4500 | ||
|---|---|---|---|
| 001 | 6888859 | ||
| 003 | BD-DhUL | ||
| 005 | 20170119174835.0 | ||
| 008 | 720726s1934 nyuc 000 1 eng | ||
| 010 | _a 34028414 | ||
| 035 | _a(OCoLC)365619 | ||
| 040 |
_aDLC _cODaWU _dBD-DhUL _dBD-DhUL _dBD-DhUL |
||
| 050 | 0 | 0 |
_aPZ3.G139 _bEn _aPR6013.A5 |
| 082 |
_a823.91 _bGAE |
||
| 100 | 1 |
_aGalsworthy, John, _d1867-1933. |
|
| 245 | 1 | 0 |
_aEnd of the chapter / _c John Galsworthy. |
| 260 |
_aNew York : _bC. Scribner's Sons, _c1934. |
||
| 300 |
_a4 p. l., 3-897 p. : _bfront., (port.); _c22 cm. |
||
| 505 | 0 | _aMaid in waiting.--Flowering wilderness.--Over the river. | |
| 650 | 0 | _aEnglish Fiction | |
| 906 |
_a7 _bcbc _coclcrpl _du _encip _f19 _gy-gencatlg |
||
| 942 |
_2ddc _cBK |
||
| 999 |
_c152281 _d152281 |
||